Public finance and fiscal policy (Record no. 1451)

MARC details
000 -LEADER
fixed length control field 00525cam a2200205ua 4500
005 - DATE AND TIME OF LATEST TRANSACTION
control field 20201203104047.0
008 - FIXED-LENGTH DATA ELEMENTS--GENERAL INFORMATION
fixed length control field 110712n ii |||gr||||Z||||||eng
040 ## - CATALOGING SOURCE
Transcribing agency MAIN
Original cataloging agency IN-DiNC
041 ## - LANGUAGE CODE
Language code of sung or spoken text English
082 ## - DEWEY DECIMAL CLASSIFICATION NUMBER
Classification number 336
100 1# - MAIN ENTRY--PERSONAL NAME
Personal name choudhury, P. K.,
245 1# - TITLE STATEMENT
Title Public finance and fiscal policy
Statement of responsibility, etc. by P. K. Choudhury
250 ## - EDITION STATEMENT
Edition statement 1st.
260 ## - PUBLICATION, DISTRIBUTION, ETC.
Place of publication, distribution, etc. New Delhi:
Name of publisher, distributor, etc. Kalyani Publishers,997.
300 ## - PHYSICAL DESCRIPTION
Extent xv; 572p:
Other physical details ill;
Dimensions 23cm.
650 ## - SUBJECT ADDED ENTRY--TOPICAL TERM
Topical term or geographic name entry element Economics
942 ## - ADDED ENTRY ELEMENTS (KOHA)
Koha item type Books
Source of classification or shelving scheme Dewey Decimal Classification
653 ## - INDEX TERM--UNCONTROLLED
Uncontrolled term Economics
653 ## - INDEX TERM--UNCONTROLLED
Uncontrolled term Public finance
Holdings
Withdrawn status Lost status Damaged status Not for loan Home library Current library Shelving location Date acquired Total Checkouts Full call number Barcode Date last seen Date last checked out Copy number Price effective from Koha item type
        Naharkatiya College Central Library Naharkatiya College Central Library General Stacks 19/09/2020 3 336 | CHO 2426 09/08/2023 04/08/2023 1 19/09/2020 Books
        Naharkatiya College Central Library Naharkatiya College Central Library General Stacks 19/09/2020   336 | CHO 2427 19/09/2020   1 19/09/2020 Books

Naharkatiya College © 2020. All rights reserved.

Powered By